The way things work 2.0

שמור ב:
מידע ביבליוגרפי
פורמט: ספר
שפה:Undetermined
יצא לאור: [London] Dorling Kindersley 1996
נושאים:
תגים: הוספת תג
אין תגיות, היה/י הראשונ/ה לתייג את הרשומה!
Thư viện lưu trữ: Trung tâm Học liệu Trường Đại học Cần Thơ
LEADER 00396nam a2200157Ia 4500
001 CTU_129683
008 210402s9999 xx 000 0 und d
082 |a 600 
082 |b W357 
245 4 |a The way things work 2.0 
260 |a [London] 
260 |b Dorling Kindersley 
260 |c 1996 
650 |a Technology 
904 |i Giang 
980 |a Trung tâm Học liệu Trường Đại học Cần Thơ